000 00251nmm a2200085Ia 4500
008 220120s9999||||xx |||||||||||||||||und||
100 _aDigit
245 0 _aWeb developers tools, Antroid Emulators, all about space
260 _aCoorg Institute of Technology
999 _c140092
_d140092